000
00290nam a22001337a 4500
008
170613b xxu||||| |||| 00| 0 eng d
020
_a
9780465025688
041
_a
eng
080
_a
32
100
_a
19
101
_a
shp
245
_a
FRIENDS OR STRANGERS
_c
BORJAS, G.J
942
_2
udc
_c
BK
999
_c
17146
_d
17146